000 00464nam a22001697a 4500
005 20240306150630.0
008 240306b |||||||| |||| 00| 0 eng d
020 _a9781592005178
082 _a005.133
_bPEN-B
100 _aPenton,Ron
245 _aBeginning C# game programming /
_cRon Penton
260 _aindia:
_bThomson;
_c2005.
300 _axix, 318 p. :
_bill,
_c23 cm.
500 _aInclude index.
650 _acomputer science/programming
999 _c35250
_d35250